| 000 | 01214Cam#a2200301#a#4500 | ||
|---|---|---|---|
| 003 | AR-BeUNQ | ||
| 005 | 20220224182226.0 | ||
| 008 | 151016s2014||||ag # ### #000|pdspa#d | ||
| 020 | _a9789505462391 | ||
| 020 | _a9789505462377 (obra completa) | ||
| 040 |
_aAR-BeUNQ _bspa _eaacr |
||
| 082 | 0 | 4 |
_aN 861 _221 |
| 100 | 1 | _aCardenal, Ernesto. | |
| 245 | 0 | 2 |
_aPoesía completa. _cErnesto Cardenal. _nTomo II / |
| 250 | _a1a. ed. | ||
| 260 |
_aBuenos Aires : _bPatria Grande, _c2014. |
||
| 300 |
_a266 p. ; _c20 cm. |
||
| 490 | 1 | _aColección Juan Gelman ; | |
| 500 | _aEdición especial para el Ministerio de Educación. | ||
| 505 | 0 | _aAproximación a la poesía de Ernesto Cardenal -- Pasajero de tránsito -- Canto nacional -- Coplas a la muerte de Merton -- 2 epístolas -- Oráculo sobre Managua -- Versos del pluriverso -- El telescopio en la noche oscura --- Acerca del autor | |
| 650 | 7 |
_aLiteratura (arte) _2spines |
|
| 650 | 7 |
_aLiteratura latinoamericana _2tell |
|
| 650 | 7 |
_aPoesía _2tell |
|
| 651 | 7 |
_aNicaragua _2spines |
|
| 830 | 0 |
_aColección Juan Gelman. ; _v47 |
|
| 929 |
_aDONACION _bMinisterio de Educación _d148,00E _e20151006 _fPAT0059809 _g2912 Exp. 827-0387/98 _j53782 |
||
| 942 |
_cLIB _n0 |
||
| 999 |
_c22 _d22 |
||